| 000 | 00920nam a2200265 i 4500 | ||
|---|---|---|---|
| 001 | 12902 | ||
| 003 | ES-MaACL | ||
| 005 | 20240503123802.0 | ||
| 007 | t| | ||
| 008 | 971007s1996 sp ||||1| spa d | ||
| 020 | _a84-7120-200-X | ||
| 080 | _a860-14"19" | ||
| 100 | 1 |
_aGonzález, Ángel, _d1925-2008 _958280 |
|
| 245 | 1 | 0 |
_aLuz, o fuego, o vida / _cÁngel González ; selección de Ángel González ; edición de Víctor García de la Concha. |
| 250 | _a1ª ed. | ||
| 260 |
_aSalamanca : _bUniversidad ; _aMadrid : _bPatrimonio Nacional, _c1996. |
||
| 300 |
_a179 p. ; _c21 cm. |
||
| 490 | 1 |
_aBiblioteca de América ; _v10 |
|
| 700 | 1 |
_aGarcía de la Concha, Víctor, _d1934- _954440 |
|
| 710 | 2 |
_aUniversidad de Salamanca. _97275 |
|
| 710 | 0 | 0 |
_aPatrimonio Nacional (España) _96165 |
| 830 | 0 |
_aBiblioteca de América ; _v10 _9183029 |
|
| 852 |
_aES-MaACL _jL-20173 |
||
| 999 |
_c12902 _d12902 |
||